000 01034nam0a22002651 4500
001 rc\4400532
005 20250612072524.0
021 _aRU
_b[65-46879]
035 _a(NLR Aleph) 008558375
090 _a8449987
_c8449987
100 _a20130416d1965 |||y0rusy50 ca
101 0 _arus
102 _aRU
105 _ay z |||||
200 1 _aСборник задач по анализу хозяйственной и финансовой деятельности колхозов
_fУпр. подготовки кадров счетных работников ЦСУ СССР
210 _aМосква
_c[Статистика]
_d1965
215 _a96 с.
_d21
606 _aКолхозы
_xФинансы
_jЗадачи
_2psbo
606 _aКолхозы
_xАнализ хозяйственной деятельности
_jЗадачи
_2psbo
700 1 _aДидушок
_bС.С.
_gСергей Степанович
801 0 _aRU
_bNLR
_gpsbo
801 1 _aRU
_bELAR
_2rusmarc
852 _aNLR
_j65-6/7508
942 _cBOOK
980 _aNB